St. Vincent and the Grenadines Parish Capitals - Statistics

General Stats
  • This quiz has been taken 29 times
  • The average score is 3 of 6
Answer Stats
Hint Answer % Correct
Saint George Kingstown
92%
Charlotte Georgetown
54%
Saint David Chateaubelair
38%
Saint Andrew Layou
31%
Saint Patrick Barrouallie
23%
Grenadines Port Elizabeth
23%
No matching quizzes found
Score Distribution
Percent of People with Each Score
Percentile by Number Answered
Your Score History
You have not taken this quiz